Economics, politics and budgets : (Record no. 7438)

MARC details
000 -LEADER
fixed length control field 00785nam a22002172 4500
001 - CONTROL NUMBER
control field 0000007191
005 - DATE AND TIME OF LATEST TRANSACTION
control field 20151217152025.0
008 - FIXED-LENGTH DATA ELEMENTS--GENERAL INFORMATION
fixed length control field 071128s xx 000 0 eng d
020 ## - INTERNATIONAL STANDARD BOOK NUMBER
International Standard Book Number 140399942 :
Terms of availability KES 7312.50
040 ## - CATALOGING SOURCE
Original cataloging agency KABU
Transcribing agency KABU
100 1# - MAIN ENTRY--PERSONAL NAME
Personal name Mulas-Granados, Carlos.
-- 0000158295
245 10 - TITLE STATEMENT
Title Economics, politics and budgets :
Remainder of title the political economy of fiscal consolidations in Europe /
Statement of responsibility, etc. Carlos Mulas-Granados.
260 ## - PUBLICATION, DISTRIBUTION, ETC. (IMPRINT)
Place of publication, distribution, etc. Basingstoke, England :
Name of publisher, distributor, etc. Palgrave Macmillan,
Date of publication, distribution, etc. 2006.
300 ## - PHYSICAL DESCRIPTION
Extent xiv, 316 p.
650 #0 - SUBJECT ADDED ENTRY--TOPICAL TERM
Topical term or geographic name as entry element Europe
Topical term following geographic name as entry element Economic conditions
Chronological subdivision 21st century.
-- 0000158296
650 #0 - SUBJECT ADDED ENTRY--TOPICAL TERM
Topical term or geographic name as entry element Europe
Topical term following geographic name as entry element Economic policy.
-- 0000158297
908 ## - PUT COMMAND PARAMETER (RLIN)
Put command parameter 071128
950 ## - LOCAL HOLDINGS (RLIN)
-- 1
Holdings
Withdrawn status Lost status Source of classification or shelving scheme Not for loan Home library Current library Date acquired Total Checkouts Full call number Barcode Date last seen Price effective from Koha item type
    Library of Congress Classification   Kabarak, Main Campus Kabarak, Main Campus 17/12/2015   HC240 .M85 011358 02/08/2024 17/12/2015 General Collection
    Library of Congress Classification   Kabarak, Main Campus Kabarak, Main Campus 17/12/2015   HC240 .M85 011357 02/08/2024 17/12/2015 General Collection
Designed with assistance from East African Informatics Ltd